Ley estatutaria de salud : (Registro nro. 31178)

Detalles MARC
000 -LEADER
fixed length control field 02000nam a22002897a 4500
003 - CONTROL NUMBER IDENTIFIER
control field OSt
005 - DATE AND TIME OF LATEST TRANSACTION
control field 20260422103141.0
008 - FIXED-LENGTH DATA ELEMENTS--GENERAL INFORMATION
fixed length control field 260422b |||||||| |||| 00| 0 eng d
020 ## - INTERNATIONAL STANDARD BOOK NUMBER
International Standard Book Number 9789587672589
037 ## - SOURCE OF ACQUISITION
Source of stock number/acquisition Donación
040 ## - CATALOGING SOURCE
Original cataloging agency CO-JMCR
Language of cataloging spa
Transcribing agency CO-JMCR
Modifying agency CO-JMCR
Description conventions rda
041 0# - LANGUAGE CODE
Language code of text/sound track or separate title spa
082 04 - DEWEY DECIMAL CLASSIFICATION NUMBER
Classification number 344.861
Item number C81l
100 1# - MAIN ENTRY--PERSONAL NAME
Personal name Cortés González, Juan Carlos,
Relator term autor
9 (RLIN) 23641
245 10 - TITLE STATEMENT
Title Ley estatutaria de salud :
Remainder of title Comentarios a la ley 1751 de 2015 /
Statement of responsibility, etc. Juan Carlos Cortés González
250 ## - EDITION STATEMENT
Edition statement Primera
264 ## - PRODUCTION, PUBLICATION, DISTRIBUTION, MANUFACTURE, AND COPYRIGHT NOTICE
Place of production, publication, distribution, manufacture Bogotá :
Name of producer, publisher, distributor, manufacturer Legis,
Date of production, publication, distribution, manufacture, or copyright notice 2015
300 ## - PHYSICAL DESCRIPTION
Extent 256 páginas :
Dimensions 24 cm.
500 ## - GENERAL NOTE
General note Incluye biografía
505 2# - FORMATTED CONTENTS NOTE
Formatted contents note Conceptos de salud -- Concepto, características y alcances de las leyes estatutarias -- Sentencia T-760 de la Corte Constitucional -- Proyecto de Ley Estatutaria de Salud -- Trámite de la Ley Estatutaria de Salud -- Trámite de la Ley Estatutaria de Salud -- Revisión previa por parte de la Corte Constitucional -- Características y apreciaciones sobre la Ley Estatutaria de Salud -- Consideraciones particulares sobre el alcance de la Ley 1751 de 2015
520 3# - SUMMARY, ETC.
Summary, etc. La presente obra expone y analiza los antecedentes, el trámite, las características y los alcances de la Ley 1751 de 2015, Estatutaria de la Salud en Colombia, a la vez que realiza la revisión y articulación de su texto con la jurisprudencia de la Corte Constitucional y con otras normas, de tal manera que aporta al lector los elementos de juicio suficientes para conocer los cambios introducidos y por ejecutarse en el sistema de salud, con motivo de la adopción de este nuevo estatuto, el primero en el campo de los derechos sociales.
630 17 - SUBJECT ADDED ENTRY--UNIFORM TITLE
Uniform title Ley 1751 de 2015
General subdivision Crítica textual.
Source of heading or term BLAAUTO
9 (RLIN) 44623
650 27 - SUBJECT ADDED ENTRY--TOPICAL TERM
Topical term or geographic name entry element Sistema Nacional de Salud
General subdivision Legislación
Chronological subdivision 2015
Source of heading or term JMCR
Geographic subdivision Colombia
9 (RLIN) 44624
650 #7 - SUBJECT ADDED ENTRY--TOPICAL TERM
Topical term or geographic name entry element Servicios de salud
General subdivision Legislación
Geographic subdivision Colombia
Chronological subdivision 2015
Source of heading or term JMCR
9 (RLIN) 44625
650 #7 - SUBJECT ADDED ENTRY--TOPICAL TERM
Topical term or geographic name entry element Derecho a la salud
General subdivision Legislación
Chronological subdivision 2015
Source of heading or term JMCR
Geographic subdivision Colombia
9 (RLIN) 44626
942 ## - ADDED ENTRY ELEMENTS (KOHA)
Source of classification or shelving scheme Dewey Decimal Classification
Koha item type Books
Existencias
Withdrawn status Lost status Source of classification or shelving scheme Damaged status Not for loan Collection code Home library Current library Shelving location Date acquired Source of acquisition Total Checkouts Full call number Barcode Date last seen Copy number Price effective from Koha item type
    Dewey Decimal Classification     Non-fiction Biblioteca Pública José María del Castillo y Rada Biblioteca Pública José María del Castillo y Rada Book Cart 08/15/2023 Donación   344.861 C81l 201812561 04/22/2026 Ej. 1 04/22/2026 Books